| 000 | 01084cam a2200325u 4500 | ||
|---|---|---|---|
| 999 |
_c234589 _d234589 |
||
| 001 | 8684198 | ||
| 003 | Nust | ||
| 005 | 20170324133905.0 | ||
| 007 | cr_||||||||||| | ||
| 008 | 860205s1884 mau 000 0 eng | ||
| 010 | _a 08013266 | ||
| 020 | _a9780230243842 | ||
| 040 |
_aDLC _cCarP _dDLC |
||
| 050 | 0 | 0 |
_aPR2837.A2 _bH8 1884 |
| 082 |
_a822.33 _bSHA |
||
| 100 | 1 |
_aShakespeare, William, _d1564-1616. |
|
| 245 | 1 | 0 |
_a Twelfth night; _cWilliam, Shakespeare |
| 260 |
_aBoston, _bGinn, Heath, & co., _c1988. |
||
| 300 |
_a178 p. _c17 cm. |
||
| 530 | _aAlso available in digital form on the Internet Archive Web site. | ||
| 650 | 0 |
_aShipwreck survival _vDrama. |
|
| 650 | 0 |
_aBrothers and sisters _vDrama. |
|
| 650 | 0 |
_aMistaken identity _vDrama. |
|
| 650 | 0 |
_aTwins _vDrama. |
|
| 651 | 0 |
_aIllyria _vDrama. |
|
| 655 | 7 |
_aComedies. _2gsafd |
|
| 700 | 1 |
_aHudson, Henry Norman, _d1814-1886, _eed. |
|
| 740 | 0 | _aTwelfth night. | |
| 856 | 4 | 1 | _uhttp://hdl.loc.gov/loc.gdc/scd0001.00140678235 |
| 906 |
_a0 _bcbc _cpremunv _du _encip _f19 _gy-gencatlg |
||
| 942 |
_2ddc _cBK |
||